000 00424nam a2200205Ia 4500
001 12785
003 GE_BSU
008 181216s||||||||xx |||||||||||||| ||und||
020 _a9780007887996
040 _cGE_BSU
080 _a821.111-312.4
100 _aKoontz,Dean.
245 _aVelocity.
260 _aLondon.
260 _bHarper.
260 _c2005
300 _a496p;18cm.
653 _aVelocity.
942 _cBK
999 _c45956
_d45956